Dinosaurs from Jurassic Park films by picture - Statistics

General Stats
  • This quiz has been taken 250 times
  • The average score is 16 of 22
Answer Stats
Picture Answer % Correct
Tyrannosaurus rex
97%
Velociraptor (actually Deinonychus)
96%
Triceratops
95%
Brachiosaurus
91%
Stegosaurus
90%
Spinosaurus
86%
Pteranodon
82%
Ankylosaurus
79%
Mosasaurus
75%
Dilophosaurus
74%
Gallimimus
74%
Allosaurus
73%
Carnotaurus
71%
Parasaurolophus
71%
Apatosaurus
68%
Baryonyx
68%
Compsognathus
65%
Pachycephalosaurus
64%
Dimorphodon
63%
Ceratosaurus
58%
Corythosaurus
53%
Mamenchisaurus
38%
No matching quizzes found
Score Distribution
Percent of People with Each Score
Percentile by Number Answered
Your Score History
You have not taken this quiz